| 000 | 00562nab a2200145Ia 4500 | ||
|---|---|---|---|
| 003 | ES-SlBCS | ||
| 005 | 20210601134126.0 | ||
| 008 | 140529s2012 xxu||||| |||| 00| 0 por d | ||
| 041 | _apor | ||
| 100 | 1 |
_aManique da Silva, Carlos _965789 |
|
| 245 | 0 | 2 |
_aA expressao da reforma de António Rodrigues Sampaio no município de Lisboa ou a afirmaçao de um governo dos assuntos educacionais _c Carlos Manique Da Silva |
| 600 | 1 | 4 |
_aRodrigues Sampaio, António _9213881 |
| 773 | 0 |
_tEducaçao e Filosofia _gvol. 26, nº. 52, 2012, págs. 449-4641 _wRev1534 |
|
| 942 | _cAR | ||
| 999 |
_c607479 _d607479 |
||